The French enlightenment and the emergence of modern cynicism

Saved in:
Bibliographic Details
Main Author: STANLEY, Sharon A.
Format: Book
Language:English
Published: Cambridge University Press 2012
Tags: Add Tag
No Tags, Be the first to tag this record!

MARC

LEADER 00000nam a22000007a 4500
008 231003b |||||||| |||| 00| 0 eng d
020 |a 9781107639690 
100 |a STANLEY, Sharon A. 
245 |a The French enlightenment and the emergence of modern cynicism  |c /Sharon A. Stanley  |g ix, 225p 
260 |b Cambridge University Press  |c 2012  |h New York  |i 699659  |i 699660  |l JA84.F8St1  |m Political science - France -Philosophy- History- 18th century  |m Cynicism- History  |m Enlightenment- France 
942 |a lcc  |c BK  |e Johnson  |f 03/10/23 
952 |0 0  |1 0  |2 lcc  |4 0  |6 JA0084 F8 S T1  |7 0  |9 4520  |a SSL  |b HOL  |c GJ  |d 2023-10-03  |l 0  |o JA84.F8St1  |p 2023-0440  |r 2023-10-03 00:00:00  |t 699659  |w 2023-10-03  |y BK 
952 |0 0  |1 0  |2 lcc  |4 0  |6 JA0084 F8 S T1  |7 0  |9 4521  |a HOL  |b HOL  |c GJ  |d 2023-10-03  |l 0  |o JA84.F8St1  |p 2023-0441  |r 2023-10-03 00:00:00  |t 699660  |w 2023-10-03  |y BK 
999 |c 2263  |d 2263